| 000 | 00816nam a2200265 a 4500 | ||
|---|---|---|---|
| 001 | BRCA_5309 | ||
| 005 | 20190320205027.0 | ||
| 008 | 021210s1921----enka######---#000-0#eng-# | ||
| 041 | _aeng | ||
| 044 | _aenk | ||
| 050 | 4 |
_aND801 _b.B47 1921 |
|
| 100 | 1 |
_aBeruete y Moret, Aureliano de _d1876-1922 _97763 |
|
| 245 | 1 | 0 |
_aSpanish Painting _ctext by A. de Beruete y Moret ; edited by Geoffrey Holme. |
| 260 |
_aLondres _bThe Studio _c1921 |
||
| 300 |
_aiv, 35 p. _bil. (algunas a color), 52 láminas _c29 cm. |
||
| 500 | _aIncluye una lista de artistas | ||
| 500 | _aEdición con cantos dorados | ||
| 500 | _aE86 | ||
| 650 | 1 | 4 |
_aPintura _zEspaña _92581 |
| 650 | 1 | 4 |
_aPinturas españolas _97789 |
| 650 | 1 | 4 |
_aPintura _xHistoria _913618 |
| 700 | 1 |
_aHolme, Geoffrey _eed. _913619 |
|
| 902 | _aGFM | ||
| 942 |
_2lcc _cB |
||
| 999 |
_c5003 _d5003 |
||